J. LL. Sert y el mediterráneo
Saved in:
| Hovedforfatter: | |
|---|---|
| Format: | Bog |
| Sprog: | spansk |
| Udgivet: |
Barcelona
Ministerio de Fomento
1996
|
| Fag: | |
| Tags: |
Tilføj Tag
Ingen Tags, Vær først til at tagge denne postø!
|
MARC
| LEADER | 00000nam a2200000 a 4500 | ||
|---|---|---|---|
| 001 | UCQ8463 | ||
| 003 | CL-VaPUC | ||
| 008 | 981209e19960000SP |||||||||||||||||spa|d | ||
| 082 | 0 | 4 | |a 720.92 |b PIZ |2 21 |
| 100 | 0 | |a Pizza, Antonio |e author |9 422446 | |
| 245 | 1 | 0 | |a J. LL. Sert y el mediterráneo |
| 246 | 1 | 0 | |a J. LL. Sert and mediterranean culture |
| 300 | |a 225 p | ||
| 942 | |c BK | ||
| 945 | |d 19981209 00:00:00 |a aarredon | ||
| 260 | |a Barcelona |b Ministerio de Fomento |c 1996 | ||
| 600 | 0 | 7 | |a SERT, J. LL |2 CL-VaPUC |9 422447 |
| 650 | 0 | |a Arquitectura moderna |9 265021 | |
| 650 | 0 | |a Edificios |9 260501 | |
| 650 | 7 | |a CONSTRUCCIONES |2 CL-VaPUC |9 262690 | |
| 650 | 0 | |a Planos arquitectónicos |9 268148 | |
| 650 | 0 | |a Urbanismo |9 255208 | |
| 650 | 0 | |a Diseños arquitectónicos |9 370631 | |
| 650 | 7 | |a DISEÑOS Y PLANOS |2 CL-VaPUC |9 262672 | |
| 650 | 0 | |a Artes visuales |9 336870 | |
| 583 | |a last modification |c 19981209 00:00:00 |k Rodrigo Vera | ||
| 999 | |c 277717 |d 277715 | ||
| 952 | |0 0 |1 0 |4 0 |6 720_920000000000000_PIZ_1996 |7 0 |8 A |9 315888 |a BIBARQ |b BIBARQ |d 2019-11-20 |i 3484025 |o 720.92 PIZ 1996 |p 3484025 |r 2025-01-20 |w 2019-11-20 |y BK |k ARQ | ||